[Event "SVK-chT2 4th Bs2 corr"]
[Site "Slovakia"]
[Date "2000.??.??"]
[Round "13"]
[White "Adamicka, Robert"]
[Black "Borsky, Gabriel"]
[Result "1/2-1/2"]
[WhiteElo "1578"]
[BlackElo "1968"]
[PlyCount "80"]
[EventDate "2000.03.15"]
[EventType "team (corr)"]
[EventRounds "10"]
[EventCountry "SVK"]
[SourceTitle "Corr 2002"]
[Source "ChessBase"]
[SourceDate "2002.05.23"]
[SourceVersion "1"]
[SourceVersionDate "2002.05.23"]
[SourceQuality "1"]

1. d4 Nf6 2. c4 c5 3. d5 e6 4. Nc3 exd5 5. cxd5 d6 6. g3 g6 7. Bg2 Bg7 8. Nf3 0-0 9. 0-0 Bg4 10. h3 Bf5 11. g4 Bd7 12. e4 Re8 13. Re1 b5 14. e5 dxe5 15. Nxe5 Qb6 16. d6 Bc6 17. d7 Rd8 18. Nxc6 Nxc6 19. Qd6 Nd4 20. Qxb6 axb6 21. Bxa8 Rxa8 22. Rd1 b4 23. Nb5 Nxd7 24. Nxd4 Bxd4 25. Be3 Ne5 26. Bxd4 Nf3+ 27. Kg2 Nxd4 28. a3 Nb3 29. Ra2 Nd4 30. Rd3 Nc2 31. Rg3 b5 32. f4 c4 33. b3 Nxa3 34. bxc4 bxc4 35. Rb2 c3 36. Rxb4 Rc8 37. Re4 c2 38. Re1 c1Q 39. Rxc1 Rxc1 40. Rxa3 Kg7 1/2-1/2

[Event "SVK-chT2 4th Bs2 corr"]
[Site "Slovakia"]
[Date "2000.??.??"]
[Round "17"]
[White "Adamicka, Robert"]
[Black "Sprusansky, Ferdinand"]
[Result "1/2-1/2"]
[WhiteElo "1578"]
[BlackElo "1403"]
[PlyCount "62"]
[EventDate "2000.03.15"]
[EventType "team (corr)"]
[EventRounds "10"]
[EventCountry "SVK"]
[SourceTitle "Corr 2002"]
[Source "ChessBase"]
[SourceDate "2002.05.23"]
[SourceVersion "1"]
[SourceVersionDate "2002.05.23"]
[SourceQuality "1"]

1. d4 d5 2. Nf3 Nf6 3. c4 e6 4. g3 Be7 5. Bg2 0-0 6. 0-0 Nbd7 7. Qc2 c6 8. cxd5 exd5 9. Nc3 Re8 10. Bh3 Nb6 11. Bxc8 Qxc8 12. Ne5 Qh3 13. e4 Ng4 14. Nxg4 Qxg4 15. f3 Qg6 16. Qb3 Rad8 17. Rd1 h6 18. Bf4 dxe4 19. fxe4 Bd6 20. e5 Bc7 21. Be3 Qe6 22. Re1 Qxb3 23. axb3 a6 24. Rad1 Nd5 25. Bf2 Ba5 26. Rc1 Nb4 27. Red1 Nd5 28. Ne4 Bb4 29. Nc5 Bxc5 30. Rxc5 Re6 31. Re1 Nb4 1/2-1/2

[Event "SVK-chT2 4th Bs2 corr"]
[Site "Slovakia"]
[Date "2000.??.??"]
[Round "22"]
[White "Nalepovic, Jozef"]
[Black "Adamicka, Robert"]
[Result "1-0"]
[WhiteElo "1899"]
[BlackElo "1578"]
[PlyCount "67"]
[EventDate "2000.03.15"]
[EventType "team (corr)"]
[EventRounds "10"]
[EventCountry "SVK"]
[SourceTitle "Corr 2002"]
[Source "ChessBase"]
[SourceDate "2002.05.23"]
[SourceVersion "1"]
[SourceVersionDate "2002.05.23"]
[SourceQuality "1"]

1. e4 c5 2. f4 g6 3. Nf3 Bg7 4. Nc3 Nc6 5. Bb5 e6 6. Bxc6 bxc6 7. d3 d5 8. e5 Ne7 9. 0-0 0-0 10. b3 f6 11. Na4 g5 12. exf6 Bxf6 13. Rb1 gxf4 14. Bxf4 Qa5 15. Qe1 Qxe1 16. Rbxe1 Bd4+ 17. Nxd4 cxd4 18. Nc5 Rf6 19. Be5 Rxf1+ 20. Rxf1 Nf5 21. g4 Ne3 22. Rf2 Nd1 23. Rd2 Nc3 24. a3 Nb1 25. Rf2 Nxa3 26. Bxd4 a6 27. c4 Nb1 28. Be3 h5 29. gxh5 Nc3 30. Bd4 Nb1 31. Rb2 Na3 32. Na4 Kh7 33. Bc5 Kh6 34. Bxa3 1-0